| 000 | 00511nmm a2200169Ia 4500 | ||
|---|---|---|---|
| 008 | 251105s9999||||xx |||||||||||||||||und|| | ||
| 020 | _a9789587715576 | ||
| 041 | _aspa | ||
| 100 | _aDurán, Sonia Ethel | ||
| 245 | 0 | _aOrganizaciones exitosas, procesos multiculturales | |
| 264 |
_a[Bogotá, Colombia] : _bEcoe Ediciones, _c2017 |
||
| 300 | _a194 páginas | ||
| 490 | _aCiencias empresariales | ||
| 650 | _aEconomics and Business | ||
| 856 | _uhttps://public.digitaliapublishing.com/a/66627 | ||
| 942 | _cCF | ||
| 999 |
_c96246 _d96246 |
||